O planirovanii pribyli v promyšlennosti

Guardado en:
Detalles Bibliográficos
Formato: Libro
Lenguaje:ruso
Publicado: Moskva Gosfinizdat 1950
Etiquetas: Agregar Etiqueta
Sin Etiquetas, Sea el primero en etiquetar este registro!

MARC

LEADER 00000nam a2200000 4500
001 0308601
005 20250515132332.6
041 0 |a rus 
044 |a RU 
245 1 0 |a O planirovanii pribyli v promyšlennosti  |c E. G. Liberman 
264 1 |a Moskva  |b Gosfinizdat  |c 1950